Alvar Aalto (Record no. 873)

MARC details
000 -CABECERA
campo de control de longitud fija 00655nam a2200217 a 4500
001 - NÚMERO DE CONTROL
campo de control BRCA_989
005 - FECHA Y HORA DE LA ÚLTIMA TRANSACCIÓN
campo de control 20190320203232.0
008 - DATOS DE LONGITUD FIJA--INFORMACIÓN GENERAL
campo de control de longitud fija 030526s2002 sp-a---###---#000-0#spa-d
020 ## - NÚMERO INTERNACIONAL ESTÁNDAR DEL LIBRO
Número Internacional Estándar del Libro 8489439338
041 ## - CÓDIGO DE LENGUA
Código de lengua del texto/banda sonora o título independiente spa
044 ## - CÓDIGO DEL PAÍS DE LA ENTIDAD EDITORA/PRODUCTORA
Código MARC del país sp
050 #4 - SIGNATURA TOPOGRÁFICA DE LA BIBLIOTECA DEL CONGRESO
Número de clasificación NA1455.F53
Número de documento/Ítem .A4 2002
245 10 - MENCIÓN DE TÍTULO
Título Alvar Aalto
Mención de responsabilidad, etc. editor Paco Asensio.
260 ## - PUBLICACIÓN, DISTRIBUCIÓN, ETC.
Lugar de publicación, distribución, etc. Barcelona, España
Nombre del editor, distribuidor, etc. LOFT
Fecha de publicación, distribución, etc. 2002
300 ## - DESCRIPCIÓN FÍSICA
Extensión 79 p.
Otras características físicas il. a color
Dimensiones 23 cm.
500 ## - NOTA GENERAL
Nota general Incluye cronología de la obra de Alvar Aalto
600 14 - PUNTO DE ACCESO ADICIONAL DE MATERIA--NOMBRE DE PERSONA
Nombre de persona Aalto, Hugo Alvar Henrik
Fechas asociadas al nombre 1898-1976
Subdivisión general Crítica e interpretación
9 (RLIN) 3265
650 14 - PUNTO DE ACCESO ADICIONAL DE MATERIA--TÉRMINO DE MATERIA
Término de materia o nombre geográfico como elemento de entrada Arquitectos finlandeses
9 (RLIN) 3266
700 1# - PUNTO DE ACCESO ADICIONAL--NOMBRE DE PERSONA
Nombre de persona Asensio, Paco
Término indicativo de función/relación ed.
9 (RLIN) 3267
942 ## - ELEMENTOS DE PUNTO DE ACCESO ADICIONAL (KOHA)
Fuente del sistema de clasificación o colocación Library of Congress Classification
Tipo de ítem Koha Libros
Holdings
Estado de retiro Estado de pérdida Estado dañado No para préstamo Localización permanente Ubicación/localización actual Fecha de adquisición Total de préstamos Signatura topográfica completa Código de barras Fecha visto por última vez Precio válido a partir de Tipo de ítem Koha
El ejemplar forma parte de la colección y puede ser consultado según las políticas vigentes.       Biblioteca del Museo Franz Mayer (Rogerio Casas-Alatriste) Biblioteca del Museo Franz Mayer (Rogerio Casas-Alatriste) 26/06/2008   NA1455.F53 .A4 2002 01482 22/03/2019 22/03/2019 Libros